Unsere Unterwelt
| Tipo de documento: | Print Libro |
|---|---|
| Lenguaje: | Alemán |
| Publicado: |
Berlin
Kursbuch/Rotbuch Verl.
1976
|
| En: |
Kursbuch (44)
Año: 1976 |
| Disponibilidad en Tübingen: | Disponible en Tübingen. IFK: A II 231 |
| Verificar disponibilidad: | HBZ Gateway |
| Servicio de pedido Subito: | Pedir ahora. |
MARC
| LEADER | 00000cam a2200000 c 4500 | ||
|---|---|---|---|
| 001 | 1078470286 | ||
| 003 | DE-627 | ||
| 005 | 20250703175050.0 | ||
| 007 | tu | ||
| 008 | 850101s1976 xx ||||| 00| ||ger c | ||
| 035 | |a (DE-627)1078470286 | ||
| 035 | |a (DE-576)008470286 | ||
| 035 | |a (DE-599)BSZ008470286 | ||
| 035 | |a (DE-604)8027660575 | ||
| 040 | |a DE-627 |b ger |c DE-627 |e rakwb | ||
| 041 | |a ger | ||
| 084 | |a GN 2125 |2 rvk |0 (DE-625)rvk/42475: | ||
| 084 | |a GN 2025 |2 rvk |0 (DE-625)rvk/42469: | ||
| 245 | 0 | 0 | |a Unsere Unterwelt |
| 264 | 1 | |a Berlin |b Kursbuch/Rotbuch Verl. |c 1976 | |
| 300 | |a 192 S. | ||
| 336 | |a Text |b txt |2 rdacontent | ||
| 337 | |a ohne Hilfsmittel zu benutzen |b n |2 rdamedia | ||
| 338 | |a Band |b nc |2 rdacarrier | ||
| 490 | 1 | |a Kursbuch |v 44 | |
| 583 | 1 | |a Archivierung/Langzeitarchivierung gewährleistet |f SLG |x XA-DE-BW |z BfZ |2 pdager |5 DE-24 | |
| 830 | 0 | |a Kursbuch |v 44 |9 1976,44 |w (DE-627)129080365 |w (DE-576)014413086 |w (DE-600)3287-6 |x 0023-5652 |7 am | |
| 936 | r | v | |a GN 2125 |b Allgemeine Sammlungen |k Germanistik. Niederlandistik. Skandinavistik |k Deutsche Literatur |k Moderne II: 1946 - 1990 |k Literaturgeschichte |k Textsammlungen. Anthologien |k Allgemeine Sammlungen |0 (DE-627)1270906585 |0 (DE-625)rvk/42475: |0 (DE-576)200906585 |
| 936 | r | v | |a GN 2025 |b Texte |k Germanistik. Niederlandistik. Skandinavistik |k Deutsche Literatur |k Moderne II: 1946 - 1990 |k Literaturgeschichte |k Literarische Zeitschriften |k Texte |0 (DE-627)1270906542 |0 (DE-625)rvk/42469: |0 (DE-576)200906542 |
| 951 | |a BO | ||
| ELC | |b 1 | ||
| LOK | |0 000 xxxxxcx a22 zn 4500 | ||
| LOK | |0 001 2066740217 | ||
| LOK | |0 003 DE-627 | ||
| LOK | |0 004 1078470286 | ||
| LOK | |0 005 20250310145503 | ||
| LOK | |0 008 961211||||||||||||||||ger||||||| | ||
| LOK | |0 040 |a DE-21-110 |c DE-627 |d DE-21-110 | ||
| LOK | |0 852 |a DE-21-110 | ||
| LOK | |0 852 1 |c A II 231 |m p |9 00 | ||
| LOK | |0 935 |a k110 | ||
| LOK | |0 936ln |a 1.6 | ||
| LOK | |0 938 |k p | ||
| LOK | |0 939 |a 11-12-96 |b l01 | ||
| ORI | |a SA-MARC-krimdoka001.raw | ||
| SIG | |a IFK: A II 231 | ||
